| 000 | 00000nam##2200000za#4500 |
| 001 | 9.577961 |
| 003 | CaOODSP |
| 005 | 20210624185848 |
| 007 | cr ||||||||||| |
| 008 | 150406|1983||||xxc|||||o f|0| 0 eng|d |
| 022 | |a1488-5379 |
| 040 | |aCaOODSP|beng |
| 043 | |an-cn--- |
| 086 | 1 |aFs97-6/1232E-PDF |
| 110 | 1 |aCanada. |bDepartment of Fisheries and Oceans. |
| 245 | 10|aGrowth of tagged lobsters (Homarus americanus] off Port Maitland, Nova Scotia, 1948-80 / |h[electronic resource]|cby Alan Campbell. |
| 260 | |aSt. Andrews - New Brunswick : |bFisheries and Oceans Canada |c1983. |
| 300 | |a15p.|bfigs., references |
| 490 | 1 |aCanadian technical report of fisheries and aquatic sciences|x1488-5379|vNo. 1232 |
| 500 | |aOn t.p.: Biological Station, St. Andrews, New Brunswick. The catalogue number and ISSN for the print edition appear in the PDF version. |
| 546 | |a(Résumé en français) |
| 590 | |a13-28-Supp|b2013-12-09 |
| 720 | 1 |aCampbell, Alan |
| 830 | #0|aCanadian technical report of fisheries and aquatic sciences,|x1488-5379|vNo. 1232|w(CaOODSP)9.504449 |
| 856 | 40|ahttp://publications.gc.ca|qPDF|s1074 KB|uhttps://publications.gc.ca/collections/collection_2013/mpo-dfo/Fs97-6-1232-eng.pdf|yNo. 1232 |